Кремлевский колодец: роман

Dades bibliogràfiques
Autor principal: Чергинец Н. И. Николай Иванович
Sumari:Исключено из фонда НТБ ТПУ
Idioma:rus
Publicat: Москва, АСТ, 2001
Col·lecció:Уголовный розыск
Format: Llibre
KOHA link:https://koha.lib.tpu.ru/cgi-bin/koha/opac-detail.pl?biblionumber=72648

MARC

LEADER 00000nam0a2200000 4500
001 72648
005 20231031083733.0
010 |a 5170073232 
010 |a 985-13-0499-9 
035 |a (RuTPU)RU\TPU\book\77475 
090 |a 72648 
100 |a 20050128d2001 m y0rusy50 ca 
101 0 |a rus 
102 |a RU 
105 |a y z 000ay 
200 1 |a Кремлевский колодец  |e роман  |f Н. И. Чергинец 
210 |a Москва  |c АСТ  |a Минск  |c Харвест  |d 2001 
215 |a 384 с. 
225 1 |a Уголовный розыск 
333 |a Исключено из фонда НТБ ТПУ 
675 |a Р2  |v 3 
700 1 |a Чергинец  |b Н. И.  |g Николай Иванович 
801 1 |a RU  |b 63413507  |c 20050128  |g PSBO 
801 2 |a RU  |b 63413507  |c 20211216  |g PSBO 
942 |c BK